书目信息 |
| 题名: |
概率统计
|
|
| 作者: | 张彭年 主编 | |
| 分册: | ||
| 出版信息: | 石家庄 河北科学技术出版社 1998.04 |
|
| 页数: | 238页 | |
| 开本: | 32开 | |
| 丛书名: | ||
| 单 册: | ||
| 中图分类: | O21 | |
| 科图分类: | ||
| 主题词: | 概率论 , 数理统计 | |
| 电子资源: | ||
| ISBN: | 7-5375-1750-9 | |
| 000 | 00560nam0 2200205 45 | |
| 001 | 0008210945 | |
| 005 | 20000821090412.9 | |
| 010 | @a7-5375-1750-9@d10.00元 | |
| 100 | @a20000821d1998 km y0chiy0120 ea | |
| 101 | 0 | @achi |
| 105 | @a z 000yy | |
| 200 | 1 | @a概率统计@AGai Lu Tong Ji@f张彭年主编@FZhang Peng Nian Zhu Bian |
| 210 | @a石家庄@c河北科学技术出版社@d1998.04 | |
| 215 | @a238页@d32开 | |
| 606 | 0 | @a概率论 |
| 606 | 0 | @a数理统计 |
| 690 | @aO21@v3 | |
| 701 | 0 | @a张彭年@4主编 |
| 801 | @aCN@bPftUser@c20000821 | |
| 905 | @b112056-065@dO21@eZH587@f10 | |
| 概率统计/张彭年主编.-石家庄:河北科学技术出版社,1998.04 |
| 238页;32开 |
| ISBN 7-5375-1750-9:10.00元 |
| ● |
| 相关链接 |
|
|
|
正题名:概率统计
索取号:O21/ZH587
 
预约/预借
| 序号 | 登录号 | 条形码 | 馆藏地/架位号 | 状态 | 备注 |
| 1 | 112056 | 201120562 | 自科二线504/504自科库 47排6列2层/ [索取号:O21/ZH587] | 在馆 | |
| 2 | 112057 | 201120571 | 自科二线504/504自科库 47排5列6层/ [索取号:O21/ZH587] | 在馆 | |
| 3 | 112058 | 201120580 | 自科二线504/504自科库 47排5列6层/ [索取号:O21/ZH587] | 在馆 | |
| 4 | 112059 | 201120599 | 自科二线504/504自科库 47排6列2层/ [索取号:O21/ZH587] | 在馆 | |
| 5 | 112060 | 201120606 | 自科二线504/504自科库 47排5列6层/ [索取号:O21/ZH587] | 在馆 | |
| 6 | 112061 | 201120615 | 自科二线504/504自科库 47排6列2层/ [索取号:O21/ZH587] | 在馆 | |
| 7 | 112062 | 201120624 | 自科二线504/504自科库 47排6列2层/ [索取号:O21/ZH587] | 在馆 | |
| 8 | 112063 | 201120633 | 自科二线504/504自科库 47排5列6层/ [索取号:O21/ZH587] | 在馆 | |
| 9 | 112064 | 201120642 | 自科二线504/504自科库 47排5列6层/ [索取号:O21/ZH587] | 在馆 | |
| 10 | 112065 | 201120651 | 自科二线504/504自科库 47排6列2层/ [索取号:O21/ZH587] | 在馆 |